000 01253cam a2200133 4500500
005 20251214004243.0
041 _afre
042 _adc
100 1 0 _aLefrançois, Marc
_eauthor
245 0 0 _aMa dose quotidienne d'histoire : 365 notions d'histoire
260 _bArmand Colin,
_c2021.
520 _aLa collection «Ma dose quotidienne» vous embarque pour un tour du monde de l’histoire en 365 jours ! Au fil des pages, retrouvez les dates clés et les personnages connus ou anonymes les plus marquants.Qui a été le grand perdant de la ruée vers l’or ? comment s’est réellement déroulée la bataille de Marignan ? quelles ont été les causes de la crise de la tulipe en Hollande ? qu’est-il arrivé à la reine Brunehaut ? De Clovis à Charles de Gaulle, en passant par Bagdad et São Polo, Marc Lefrançois vous racontera comment les batailles, les découvertes ou les alliances ont façonné notre histoire.Ponctué d’anecdotes ou de citations édifiantes, ce livre est à dévorer d’une seule traite ou à picorer en fonction de vos envies !
856 4 1 _uhttps://shs.cairn.info/ma-dose-quotidienne-d-histoire--9782200627898?lang=fr&redirect-ssocas=7080
999 _c1568361
_d1568361